00946nam a2200265Ia 450000500170000000800410001702000150005808200190007310000240009224500930011625000190020930000430022849000290027150000420030050400270034265000560036965100320042565100380045765100340049526400280052933600270055733700330058433800280061704000350064520220317001237.0160825s2003 ck a g 000 0 spa  a958420529304a972.8703bD31p1 aDiaz Ospino, Oviedo13aEl país creado por Wall Streetbla historia no contada de PanamácOviedo Diaz Espino a2a. edición  a272 páginas bilustraciones c23 cm  aLa línea del horizonte aIncluye datos biográficos del autor aIncluye bibliografía142LEMBaPolítica exteriorySiglo XXzEstados Unidos 4aCanal de PanamáxHistoria 4aCanal de PanamáxFinanciación 4aPanamáxHistoria ySiglo XX aBogotábPlanetac2003 atextobtxt2rdacontent asin mediaciónbn2rdamedia avolumenbnc2rdacarrier aCO-BoRNBPbspaerdacCO-BoRNBP